Normal view
MARC view
- Islamic law
Entry Topical Term
001 - CONTROL NUMBER
- control field: 90124
003 - CONTROL NUMBER IDENTIFIER
- control field: NUST
005 - DATE AND TIME OF LATEST TRANSACTION
- control field: 20220301162702.0
008 - FIXED-LENGTH DATA ELEMENTS
- fixed length control field: 220301|| aca||aabn | a|a d
040 ## - CATALOGING SOURCE
- Original cataloging agency: NUST
- Transcribing agency: NUST
150 ## - HEADING--TOPICAL TERM
- Topical term or geographic name entry element: Islamic law
670 ## - SOURCE DATA FOUND
- Source citation: Work cat.: (NUST)588312: Hallaq, Wael B., 1955- 89722, An introduction to Islamic law /, 2009.
